00299nam a22001097a 4500003000400000008004100004020001800045082001700063245007300080260002700153300000900180OSt240831b |||||||| |||| 00| 0 eng d a9789354091292 a330.954bINI aIndia : Government and Economic Life in Ancient and Medieval Periods aDelhi:bMIABGI,c1981. a93p.